000 00733nam a2200205 4500
999 _c163332
_d163332
005 20190410130122.0
010 _aENG125038
020 _a9788189762612
_c200.00
035 _aEN-108570
037 _bDBAD/PUB
082 _a362.709
100 _aChowdhury,Madhusmita
245 _aAn impact assessment of icds in Meghalaya:
_bstrengths and scope for growth/
_cby Madhusmita Chowdhury [and] Meenal Tula
260 _aNew Delhi
_bNorth Eastern Social Research Centre
_c2017
270 _aB1/2 Malviya Nagar, ground floor,
_bNew Delhi
_e110017
_k011-26674688
_minfo@haqcrc.org
300 _axv;184p.
_c23cms(Pbk)
500 _ait includes references
700 _aTula, Meenal
942 _2ddc
_cEN
_h362.709
_mCHO